000 00445nam a2200157Ia 4500
008 210716s1985 xx 000 0 und d
020 _a70229821
041 _aeng
082 _a519.72 GASS
100 _aGass, Saul I.
245 _aLinear programming: methods and applications.
_bMethods and applications.
250 _a5
260 _aNew Delhi
_bMc Graw Hill Book Company
_c1985
300 _axi,532
650 _aLinear Programming(519.72)
999 _c182968
_d182968